LIBRARY & INFORMATION CENTRE, KCAET, TAVANUR

ONLINE PUBLIC ACCESS CATALOGUE (OPAC)

Schaum`s outlines of theory and problems of electric circuits / (Record no. 1413)

MARC details
000 -LEADER
fixed length control field 00484cam a2200169ua 4500
003 - CONTROL NUMBER IDENTIFIER
control field OSt
008 - FIXED-LENGTH DATA ELEMENTS--GENERAL INFORMATION
fixed length control field 241226b |||||||| |||| 00| 0 eng d
041 ## - LANGUAGE CODE
Language code of text/sound track or separate title eng
082 ## - DEWEY DECIMAL CLASSIFICATION NUMBER
Classification number 621.3192
Item number EDM/SC
100 ## - MAIN ENTRY--AUTHOR NAME
Personal name Edminister, Joseph A.
245 ## - TITLE STATEMENT
Title Schaum`s outlines of theory and problems of electric circuits /
250 ## - EDITION STATEMENT
Edition statement 2 /
260 ## - PUBLICATION, DISTRIBUTION, ETC. (IMPRINT)
Place of publication New Delhi :
Name of publisher Tata Mc-Graw Hill Publishing Company ,
Year of publication 1994.
300 ## - PHYSICAL DESCRIPTION
Number of Pages 298 ; .
490 0# - SERIES STATEMENT
Series statement Schaum` s outline series,
942 ## - ADDED ENTRY ELEMENTS (KOHA)
Koha item type Books
Holdings
Withdrawn status Lost status Damaged status Home library Current library Date acquired Full call number Accession Number Koha item type
      KAUAET KAUAET 07/04/2012 621.3192 EDM/SC 18733 Books
free website counter